One Hundred Great Lives (Record no. 93708)

MARC details
000 -LEADER
fixed length control field 00518nam a2200181Ia 4500
005 - DATE AND TIME OF LATEST TRANSACTION
control field 20230421174238.0
008 - FIXED-LENGTH DATA ELEMENTS--GENERAL INFORMATION
fixed length control field 230125s9999 xx 000 0 und d
041 ## - LANGUAGE CODE
Language code of text/sound track or separate title eng
082 ## - DEWEY DECIMAL CLASSIFICATION NUMBER
Classification number 920.71
Item number TOI
100 ## - MAIN ENTRY--PERSONAL NAME
Author TOI, Ed.
245 ## - TITLE STATEMENT
Title One Hundred Great Lives
260 ## - PUBLICATION, DISTRIBUTION, ETC.
Name of publisher, distributor, etc. The Home Library Club
Place of publication, distribution, etc. Ceylon
300 ## - PHYSICAL DESCRIPTION
Extent 760p
500 ## - GENERAL NOTE
Keywords Biography;Collective biographies;Biography-Men
650 ## - SUBJECT ADDED ENTRY--TOPICAL TERM
Topical term or geographic name entry element Biography;Collective biographies;Biography-Men
700 ## - ADDED ENTRY--PERSONAL NAME
Personal name TOI, Ed. & Sudhir Tilloo, Donor
942 ## - ADDED ENTRY ELEMENTS (KOHA)
Koha item type Donated Book
Holdings
Withdrawn status Lost status Damaged status Not for loan Home library Current library Date acquired Vendor Net Price Full call number Barcode Date last seen Actual Price Bill Date Koha item type Original Barcode
        Smt. Hiraben Nanavati Institute of Management & Research for Women Smt. Hiraben Nanavati Institute of Management & Research for Women 23/06/2015 Donated Book- Outside Donar 1.00 920.71 TOI DB2107 HIMR-DB-2107 25/01/2023 1.00 25/01/2023 Donated Book DB2107